000 00676nam a2200253Ia 4500
001 17963
003 GE_BSU
008 181216s||||||||xx |||||||||||||| ||und||
010 _a3468496761
040 _cGE_BSU
080 _a811.112(07)
100 _aNeuner,Gerhard. Hunfeld,Hans
245 _aMethoden des fremdsprachlichen Deutschunterrichts
245 _bEine Einfuhrung
260 _aBerlin
260 _bLangenscheidt
260 _c1993
300 _a184p. 30cm.
541 _h6 Gel.55 t.
653 _aMethoden des fremdsprachlichen Deutschunterrichts
653 _aგერმანული ენა
653 _aქსეროქსი
942 _cBK
999 _c51006
_d51006